Los Planes de previsión : un tratamiento actuarial / José Mª Lecina Gracia un tratamiento actuarial / José Mª Lecina Gracia
Descripción Física:
XXI, 276 p. ; 24 cm
MARC
| LEADER | 00000nam a2200000Ia 4500 | ||
|---|---|---|---|
| 001 | 10051 | ||
| 008 | 160829s1990 xx 000 0 cat d | ||
| 080 | |a S-1-118 | ||
| 100 | |a Lecina Gracia, José María |9 32228 | ||
| 245 | |a Los Planes de previsión : |b un tratamiento actuarial / José Mª Lecina Gracia | ||
| 260 | |a Barcelona : |b Caja de Cataluña, |c 1990 | ||
| 300 | |a XXI, 276 p. ; |c 24 cm | ||
| 650 | |a Jubilació |9 32229 | ||
| 650 | |a Pensions |x Espanya |9 32230 | ||
| 650 | |a Pensions a la vellesa |x Espanya |9 32231 | ||
| 901 | |a Arxiu | ||
| 942 | |n 1 | ||
| 952 | |0 0 |1 0 |4 0 |6 S1118 |7 1 |9 45912 |a Arxiu |b Arxiu |d 2016-12-01 |l 0 |o S-1-118 |p 10051 |r 2016-12-01 00:00:00 |w 2016-12-01 |y ARXIU | ||
| 999 | |c 49413 |d 49413 | ||